1611 1897 1465 1893 1371 1710 1978 1711 1164 1203 1536 1974 1658 1987 1379 1162 1230 1774 1548 1021 1309 1079 1560 1685 1883 1199 1967 1845 1026 1276 1205 1395 1497 1131 1836 1965 1885 1432 1834 1169 1004 1134 1542 1595 1811 1974 1311 1452 1538 1854 1736 1518 1862 1065 1066 1410 1604 1041 1524 1715 1509 1350 1057 1628 1384 1968 1299 1741 1435 1856 1040 1572 1811 1792 1251 1668 1194 1580 1819 1847 1689 1323 1299 1149 1869 1236 1270 1555 1423 1414 1853 1434 1100 1298 1221 1122 1959 1899 1509 BCNSPRNW ULIB Ver.6.0+V

เปลี่ยนเป็นภาษาไทย

Change to English
 แสดงรายละเอียดบรรณานุกรม
  กลับหน้าหลัก

Brief Record : Get Marc (ISO 2709) : E-mail record : QR code < ปิดหน้าต่าง
LEADER : 00000nam 2200000uu 4500
001    13399126142
003     ULIB
008    180612s2016||||th 000 0 tha d
020    ^a9781316503966
050 00 ^aPE1128^bC172^cV.11
245 10 ^aCambridge practice tests for IELTS 11
260    ^aCambridge :^bCambridge University Press,^c2016
300    ^a144 p.:^bill. ;^c25 cm.
650 00 ^aInternational English Language Testing System.
650 00 ^aEnglish language^xExaminations, questions, etc.
650 00 ^aEnglish language^xTextbooks for foreign speakers
945    ^p530^l0^i004238
999    ^aวรรณษา ชูชัยมงคล
รายการนี้ยังไม่มีแท็ก
คุณยังไม่ได้ล็อกอิน คุณสามารถมีกิจกรรมร่วมกับเว็บไซต์ได้ แต่ต้องล็อกอินก่อน ::
  ล็อกอิน

รายการสื่อสารสนเทศ

ลำดับที่ ประเภท เลขเรียก/บาร์โค้ด สถานที่ สถานะ
1. วิทยาศาสตร์การแพทย์ และสุขภาพ
หนังสือสำรอง
สถานะ=หนังสือสำรอง
PE1128 C172 V.11 ฉ.1 
  Barcode: 004238
ห้องสมุดวิทยาเขตสวรรค์ประชารักษ์
►หนังสือทั่วไป
บนชั้น

รายการใกล้เคียง
    ชื่อเรื่อง [Cambridge practice tests for IELTS 11]

    หัวเรื่อง [International English Language Testing System.]

BibComment


ยังไม่เคยถูกคอมเมนท์

คอมเมนท์ทรัพยากรรายการนี้
  คอมเมนท์: Cambridge practi..


 Copyright 2026. Bcnsprnw @Library